Logika celevogo upravlenija

Saved in:
Bibliographic Details
Main Author: Ladenko, Iosaf Semenovič
Other Authors: Tul'činskij, Grigorij L'vovič
Format: Book
Language:Russian
Published: Novosibirsk Nauka 1988
Edition:1. izd.
Tags: Add Tag
No Tags, Be the first to tag this record!

MARC

LEADER 00000nam a2200000 4500
001 c040006
005 20230221133826.2
041 0 |a rus 
044 |a RU 
245 1 0 |a Logika celevogo upravlenija  |c Iosaf Semenovič Ladenko, Grigorij L'vovič Tul'činskij 
250 |a 1. izd. 
264 1 |a Novosibirsk  |b Nauka  |c 1988 
300 |a 205 s. 
100 1 |a Ladenko, Iosaf Semenovič 
700 1 |a Tul'činskij, Grigorij L'vovič